LEADER 00855nam a2200265 i 4500 001 991003851279707536 005 20020509133222.0 008 000220s1985 it ||| | ita 020 $a8876751874 035 $ab11224253-39ule_inst 035 $aPARLA189748$9ExL 040 $aDip.to Filosofia$bita 082 0 $a321 100 1 $aCerruti, Marco$0156914 245 10$aNotizie di utopia /$cMarco Cerruti 260 $aPadova :$bLiviana,$c[1985] 300 $a147 p. ;$c24 cm 490 0 $aGuide di cultura contemporanea 650 4$aUtopia 907 $a.b11224253$b23-02-17$c01-07-02 912 $a991003851279707536 945 $aLE005IF XVII G 4$g1$i2005000092084$lle005$o-$pE0.00$q-$rl$s- $t0$u0$v0$w0$x0$y.i11378475$z01-07-02 996 $aNotizie di utopia$9868004 997 $aUNISALENTO 998 $ale005$b01-01-00$cm$da $e-$fita$git $h0$i1